000 00623cam a22002293a 4500
001 15839
003 PGUSA
005 20140828083335.0
008 050516s2005||||xxu|||||s|||||000 1 eng d
040 _aPGUSA
_beng
042 _adc
050 4 _aPZ
100 1 _aMeade, L. T.,
_d1854-1914
245 1 4 _aThe Rebel of the School
_h[electronic resource] /
_cL. T. Meade
260 _bProject Gutenberg,
_c2005
506 _aPublic domain in the USA.
516 _aElectronic text
653 _aSchools -- Fiction
830 0 _aProject Gutenberg
_v15839
856 4 0 _uhttp://www.gutenberg.org/ebooks/15839
942 _cEB
999 _c245094
_d245094